| 000 | 00356nam a2200145Ia 4500 | ||
|---|---|---|---|
| 008 | 100122s9999 xx 000 0 und d | ||
| 082 |
_b37151 _a382 |
||
| 100 | _aACHARYA S K | ||
| 245 | _aELEMENTS OF COMMERCE | ||
| 260 |
_bA. R. SHETH & CO _c1905 |
||
| 300 | _a483 | ||
| 630 | _aELEMENTS OF COMMERCE | ||
| 730 | _aELEMENTS OF COMMERCE | ||
| 942 | _cBOOK | ||
| 999 |
_c371663 _d371660 |
||